Oh Marie - Johnny Hallyday - Statistiques

Statistiques générales
  • Ce quiz a été pris 261 fois
    242 depuis la dernière actualisation
  • Le résultat moyen est 135 sur 197
Statistiques - réponses
Paroles % Correct
ma
100%
m'a
100%
Marie
100%
Oh
100%
si
100%
sa
99%
savais
99%
tu
99%
Tu
99%
fait
98%
le
98%
l'on
98%
mal
98%
que
98%
Tout
98%
tout
98%
me
97%
Me
97%
je
91%
Je
91%
pouvais
88%
Dans
87%
dans
87%
à
86%
bras
86%
tes
86%
de
84%
nus
84%
reposer
77%
Et
74%
la
73%
pour
67%
Pour
67%
vais
67%
moi
64%
mon
64%
dernière
63%
des
62%
ne
62%
jour
61%
chance
60%
Les
60%
plus
60%
57%
sera
57%
J'ai
54%
son
54%
étais
53%
Peu
53%
peu
53%
fais
52%
mes
51%
un
51%
vu
51%
toute
49%
innocence
48%
ce
47%
disparais
47%
Elle
47%
mort
47%
danse
46%
Il
46%
journée
46%
merveilles
46%
rien
46%
hommes
44%
Sans
44%
d'horreurs
43%
fous
43%
prie
43%
sont
43%
t'en
43%
grand
42%
savoir
42%
cours
41%
pareil
41%
vois
41%
efforts
40%
en
40%
Malgré
40%
bruit
39%
Demain
39%
devenus
39%
fumée
39%
lier
39%
signe
39%
appareil
38%
au
38%
oublier
38%
retrouver
38%
simple
38%
désespérés
37%
Evanouie
37%
s'entretuer
37%
ombres
36%
faire
34%
donnerais
33%
promis
32%
bravoure
31%
faudra
31%
preuve
31%
vacances
31%
front
27%
seras
27%
monter
26%
Oui
26%
ciel
24%
ligne
24%
première
24%
viennes
22%
j'attendrai
21%
Qu'au
21%
Allongé
18%
l'herbe
18%
m'éveille
18%
Aucun quiz correspondant
Distribution des résultats
% des personnes avec chaque résultat
Percentile par nombre de réponses
Votre historique - résultats
Vous n’avez pas pris ce quiz depuis la dernière actualisation